|
|
|
|
| LEADER |
00000nas a22000001a 4500 |
| 001 |
vtls010302095 |
| 003 |
SK-MaSNL |
| 005 |
20260228163035.0 |
| 008 |
110810d19491952xo er p r 0 b0slo |
| 015 |
|
|
|a SNBDS17XX9999
|
| 015 |
|
|
|a 1309
|2 Balúnová 1945-60
|
| 038 |
|
|
|a SNKBUDS
|
| 040 |
|
|
|a SNK
|b slo
|c SNK
|e AACR2
|
| 041 |
0 |
|
|a slo
|
| 044 |
|
|
|a xo
|c SK
|
| 080 |
|
|
|a 331.105.44
|2 2001
|
| 245 |
0 |
0 |
|a Robíme závodný časopis
|b inštruktážna služba SOR pre závodné časopisy a závodné rozhlasy
|
| 260 |
|
|
|a Bratislava
|b Kultúrnopropagačná komisia Slovenskej odborovej rady
|c 1949-1952
|
| 300 |
|
|
|a 4 roč.
|c 31 x 22 cm
|
| 310 |
|
|
|a 1x za dva týždne
|
| 362 |
0 |
|
|a Roč.II, č. 22 (1949)- roč. V, č. 11 (1952)
|
| 500 |
|
|
|a Zmena podnázvu: od 3/III (7. febr. 1950) Inštruktážna služba SOR pre závodné časopisy
|
| 500 |
|
|
|a V tiráži: Dvojtýždenník pre závodné časopisy a závodné rozhlasy
|
| 500 |
|
|
|a Vych. v Bratislave dvojtýždenne
|
| 500 |
|
|
|a Ved. a zodp. red. Dezider Benau, od 20/III (7. nov. 1950) Ladislav Zajac. Šéfred. od 12/IV (1. júla 1951) Ladislav Zajac. Red. O. Ř. Hroboňová
|
| 500 |
|
|
|a Vyd. Kultúrnopropagačná komisia Slovenskej odborovej rady v Bratislave
|
| 500 |
|
|
|a Tlač. Slovenská Grafia v Bratislave, od 3/III (7. febr. 1950) Tlačiarenské závody Práca n. p., zákl. záv. v Bratislave
|
| 500 |
|
|
|a Pov. PIO č. 20 303/51-II/3 z 5. júna 1951 a PIO č. 22 677/49-III/2. Od č. 5/1951 mal maď. príl. Üzemi ujságjainknak és rádióiknak. Zrušený 27. sept. 1952 pod č. 15852/52-IV-2
|
| 505 |
8 |
0 |
|g Roč. II. 1949 4 č. (č. 22-25) po 4 s.
|
| 505 |
8 |
0 |
|g Roč. III. 1950 23 č. po 8 s.
|
| 505 |
8 |
0 |
|g Roč. IV. 1951 20 č. po 6 s.
|
| 505 |
8 |
0 |
|g Roč. V. 1952 11 č. po 6 s.
|
| 520 |
1 |
|
|a Časopis inštruoval všetky časopisy, závodné rozhlasy a dopisovateľov, dával odborársko-politickú náplň celej závodnej tlači a rozhlasu
|
| 580 |
|
|
|a Do č. 21/1949 vych. cyklostylom pod názvom Zprávy SOR, ako časopis len pre interné potreby
|
| 610 |
2 |
7 |
|a Revolučné odborové hnutie.
|b Slovenská odborová rada
|2 SNKBUDS
|9 180108
|
| 650 |
0 |
7 |
|a odbory
|2 SNKPH
|9 2328
|
| 650 |
0 |
7 |
|a odborárska tlač
|2 SNKBUDS
|9 145676
|
| 655 |
|
7 |
|a odborárske časopisy
|2 SNKBUDS
|9 265613
|
| 700 |
1 |
|
|a Benau, Dezider,
|d 1905-1962
|4 pbd
|9 63420
|
| 700 |
1 |
|
|a Zajac, Ladislav
|4 pbd
|9 272023
|
| 700 |
1 |
|
|a Hroboňová-Řepková, Oľga,
|d 1902-1973
|4 red
|9 80968
|
| 710 |
2 |
|
|a Slovenská odborová rada (Bratislava, Slovensko)
|e vydav.
|9 272127
|
| 710 |
2 |
|
|a Slovenská grafia, úč. spol. (Bratislava, Slovensko)
|9 265810
|
| 710 |
2 |
|
|a Tlačiarenské závody Práca (Bratislava, Slovensko)
|9 178085
|
| 780 |
0 |
0 |
|t Zprávy SOR
|
| 852 |
|
|
|a SNK
|b 10000
|h ČSB 533
|
| 852 |
|
|
|a UKB
|b 300000
|h SB 819
|
| 852 |
|
|
|a SVKKK
|b 900000
|h C 451
|
| 852 |
|
|
|a UKB
|b 300000
|h 20 B 442
|
| 999 |
|
|
|c 8780
|d 10710
|